00307pab a2200121 454500008004000000100002500040245005200065260000900117300001300126362000800139650001200147773002600159180718b1996 xxu||||| |||| 00| 0 eng d aWickramasinghe, J.W. aAn enquiry into the definition of human poverty c1996 ap.377-84 aDec aPoverty aAsian Economic Review